Countries of the World (No Vowels) - Statistics

General Stats
  • This quiz has been taken 1,761 times
    1,753 since last reset
  • The average score is 143 of 195
Answers on the Map
Answers color-coded by a green-red scale on the quiz's map according to % correct below.
 
Answer Stats
Country % Correct
ntd Stts
98%
Cnd
95%
Mxc
93%
ntd Kngdm
92%
Brzl
91%
Chn
91%
Rss
91%
nd
90%
Pr
90%
str
90%
rg
89%
Frnc
88%
mn
88%
Nr
88%
strl
88%
Chl
87%
clnd
86%
Dnmrk
86%
Grmn
86%
Jpn
86%
rgntn
86%
rlnd
86%
Spn
86%
Sr
86%
Swdn
86%
Fnlnd
85%
Nrw
85%
tl
85%
Cb
84%
Ls
84%
Ml
84%
Nw Zlnd
84%
Prtgl
84%
Ghn
83%
Lb
83%
Clmb
82%
Mngl
82%
Pl
82%
Sth frc
82%
Sth Kr
82%
Trk
82%
Blv
81%
gpt
81%
krn
81%
Mdgscr
81%
Nrth Kr
81%
rn
81%
Gn
80%
ndns
80%
Pnm
80%
Vnzl
80%
Cntrl frcn Rpblc
79%
Grc
79%
Nthrlnds
79%
Plnd
79%
Prg
79%
rmn
79%
Rmn
79%
rq
79%
Sd rb
79%
srl
79%
Vtnm
79%
Blgm
78%
lgr
78%
Mrcc
78%
Ngr
78%
Pkstn
78%
Sm
78%
Swtzrlnd
78%
Thlnd
78%
cdr
77%
Ht
77%
Npl
77%
Sdn
77%
Chd
76%
Dmcrtc Rpblc f th Cng
76%
fghnstn
76%
Hndrs
76%
stn
76%
Blrs
75%
Jmc
75%
lbn
75%
Lthn
75%
Ltv
75%
Tg
75%
Czch Rpblc
74%
Dmnc
74%
Kn
74%
Qtr
74%
Zmb
74%
Blz
73%
Cmbd
73%
Crt
73%
Cst Rc
73%
Gtml
73%
Hngr
73%
Mldv
73%
Ncrg
73%
Phlppns
73%
Pp Nw Gn
73%
Slvk
73%
Slvn
73%
Sml
73%
Sr Lnk
73%
Srnm
73%
Sth Sdn
73%
Bhms
72%
Bngldsh
72%
Rpblc f th Cng
72%
thp
72%
Tns
72%
Blgr
71%
ngl
71%
Bhtn
70%
Bsn
70%
Fj
70%
Mls
70%
Twn
70%
zbkstn
70%
Zmbbw
70%
Jrdn
69%
Lsth
69%
Srb
69%
Trkmnstn
69%
Brn
68%
Btswn
68%
Dmncn Rpblc
68%
Ksv
68%
l Slvdr
68%
Grg
67%
Mnmr
67%
Nmb
67%
Nrth Mcdn
67%
rtr
67%
Tnzn
67%
zrbjn
67%
Cmrn
66%
Cprs
66%
Djbt
66%
Kzkhstn
66%
Mlt
66%
Mrtn
66%
Mzmbq
66%
Rwnd
66%
Bnn
65%
gnd
65%
Kwt
65%
Lxmbrg
65%
Mlw
64%
Mntngr
64%
Sngl
64%
Tjkstn
64%
vr Cst
64%
Vtcn
64%
Brbds
63%
Lbr
63%
ndrr
63%
Snt Ktts
63%
Snt Lc
63%
Gbn
62%
Krbt
62%
swtn
62%
Tng
62%
Trndd
62%
Vnt
62%
Brkn Fs
61%
Cmrs
61%
Cp Vrd
61%
Gmb
61%
Mnc
61%
Mrshll slnds
61%
Mrts
61%
Schlls
61%
Slmn slnds
61%
Snt Vncnt
61%
Tvl
61%
Bhrn
60%
ntg
60%
Brnd
59%
Fdrtd Stts f Mcrns
59%
Gn-Bss
59%
Sngpr
59%
Sn Mrn
59%
Srr Ln
59%
S Tm
58%
Lbnn
57%
Lchtnstn
57%
Mldvs
57%
qtrl Gn
56%
Grnd
54%
Krgzstn
54%
st Tmr
36%
No matching quizzes found
Score Distribution
Percent of People with Each Score
Percentile by Number Answered
Your Score History
You have not taken this quiz since the last reset